| 000 | 01029nas a2200277Ia 4500 | ||
|---|---|---|---|
| 001 | R706/L0242 | ||
| 003 | IT-RoPAU | ||
| 008 | 151124c99999999xx |||||||||||| ||und|| | ||
| 040 | _aIT-RoPAU | ||
| 040 | _cIT-RoPAU | ||
| 041 | _aITALIANO | ||
| 100 |
_aMangano Dario _gCodice Aut. SPICS: 57649 |
||
| 210 | _aVERSUS | ||
| 222 | _aVersus | ||
| 245 |
_aVERSUS, N.91/92 (GENNAIO/AGOSTO 2002) _bIntorno Allo Sbattitore: L'Oggetto, I Testi |
||
| 250 | _a1a ed. | ||
| 260 |
_aMILANO _bBOMPIANI _c2002 |
||
| 501 |
_bPaulus - SPICS - Società San Paolo EM (non-commercial uses only) _cCopyright2015 |
||
| 300 | _a27 p. [153-179] | ||
| 362 | _aN.91/92 (GENNAIO/AGOSTO 2002) | ||
| 500 | _aPrologo. Incorporazione Tecnologica dell'Umano. Un Tipo Esemplare. La Catena Narrativa. Naturalmente, un Manuale. Un Percorso Accidentato. tra Competenza e Manipolazione: il Ricettario. Conclusioni. | ||
| 650 |
_aSEMIOTICA _vPUBBLICAZIONE PERIODICA |
||
| 700 | _aMarrone Gianfranco | ||
| 700 | _gCodice Aut. SPICS: 35715 | ||
| 942 | _cCR | ||
| 999 |
_c204050 _d204050 |
||